[Event "SuperChess Cup Rapid 2019"]
[Site "Bucharest"]
[Date "2019.11.06"]
[Round "3.1"]
[White "Miron, Lucian-Costin"]
[Black "Istratescu, Andrei"]
[Result "1-0"]
[WhiteElo "2490"]
[BlackElo "2564"]
[Annotator "TA"]
[PlyCount "61"]
[EventDate "2019.11.06"]
[EventType "tourn"]
[EventCountry "ROU"]
[SourceTitle "playchess.com"]
[Source "ChessBase"]
[SourceQuality "1"]

{[%evp 19,91,31,29,36,50,39,52,31,31,18,29,0,0,0,-5,-13,0,-4,-8,0,7,8,12,14,3,3,9,4,7,9,11,0,0,0,75,67,170,166,333,341,334,326,497,483,484,492,479,491,485,500,499,500,485,487,511,468,554,517,658,651,648,637,788,757,731,752,1421,1308,1209,1157,1106,1074,646,628]} 1. d4 d6 2. Nf3 Nf6 3. c4 Nbd7 4. Nc3 e5 5. e4 Be7 6. Be2 O-O 7. O-O c6 8. Re1 a6 9. Bf1 b5 10. a3 Bb7 11. h3 {A55: Old Indian Defence with Nf3 and e4} Qc7 12. Be3 Rfe8 13. dxe5 $146 {White is slightly better.} ({Predecessor:} 13. Rc1 Qb8 14. cxb5 exd4 15. Nxd4 cxb5 16. Nf5 Bf8 17. Bd4 g6 18. Qf3 gxf5 19. Qxf5 {1-0 (40) Podzielny,K (2455)-Espig,L (2430) Germany 1995}) 13... Nxe5 14. Nxe5 dxe5 15. Rc1 {[%cal Rc4b5]} b4 16. Na4 bxa3 (16... Nxe4 $2 17. Bb6 $18) 17. Bb6 Qc8 18. c5 axb2 19. Nxb2 Nd7 20. Nc4 a5 (20... Bxc5 $2 21. Bxc5 Re6 22. Ba3 $18) 21. Be2 $36 {[%mdl 2048] Threatens to win with Bg4. White is more active.} Nxc5 ({Don't go for} 21... Bxc5 $2 22. Bxc5 Nxc5 23. Nd6 $18) 22. Bg4 Ne6 23. Bxa5 {Nb6 is the strong threat.} Bc5 24. Bb6 {Black must now prevent Bxc5.} Bb4 25. Re3 Qb8 26. Rd3 Nf4 {[#]} (26... Ba6 $11 27. Bxe6 fxe6) 27. Rb3 $1 $16 {[%cal Rb3b4]} c5 {[#]} (27... Bf8 $1 $14) 28. Nd6 $1 $18 {[%cal Bc4d6,Bd6c8,Bc8e7,Be7f5][%mdl 32]} Re7 $2 (28... h5) 29. Bxc5 Bxc5 30. Rxc5 {Strongly threatening Nc8.} Qa7 {[#]} (30... Ne6 $142) 31. Nxb7 {Played: Nd6-c8} 1-0

[Event "SuperChess Cup Rapid 2019"]
[Site "Bucharest"]
[Date "2019.11.06"]
[Round "3.2"]
[White "Georgescu, Tiberiu-Marian"]
[Black "Parligras, Mircea-Emilian"]
[Result "1/2-1/2"]
[WhiteElo "2508"]
[BlackElo "2629"]
[Annotator "TA"]
[PlyCount "46"]
[EventDate "2019.11.06"]
[EventType "tourn"]
[EventCountry "ROU"]
[SourceTitle "playchess.com"]
[Source "ChessBase"]
[SourceQuality "1"]

{[%evp 22,46,-4,-3,16,20,11,13,18,10,26,20,34,31,58,39,64,20,36,25,34,27,20,0,0,0,0]} 1. c4 c5 2. Nc3 Nc6 3. Nf3 Nf6 4. g3 d5 5. cxd5 Nxd5 6. Bg2 g6 7. O-O Bg7 8. Nxd5 Qxd5 9. d3 O-O 10. Be3 Bd7 11. d4 cxd4 12. Nxd4 Qe5 {[%cal Rc6d4] A38: Symmetrical English vs ...g6: 4 Bg2 Bg7 5 Nf3 Nf6} (12... Qc4 {keeps more tension.} 13. Rc1 Qxa2 14. Ra1 Qc4 15. b3 Qc3) 13. Nxc6 Bxc6 14. Bxc6 bxc6 15. Rb1 Qa5 16. a3 $146 ({Predecessor:} 16. a4 Rfd8 17. Qc2 Bd4 18. b4 Qb6 19. Bg5 Rd5 20. h4 {0-1 (37) Djuric,S (2459)-Cheparinov,I (2621) Metz 2005}) 16... Rab8 17. Qc2 Rfc8 18. Rfd1 Rb7 19. Bd4 Bxd4 20. Rxd4 c5 21. Rc4 Rb5 22. Qc3 Qxc3 23. Rxc3 Rcb8 1/2-1/2

[Event "SuperChess Cup Rapid 2019"]
[Site "Bucharest"]
[Date "2019.11.06"]
[Round "3.3"]
[White "Lupulescu, Constantin"]
[Black "Cosma, Elena-Luminita"]
[Result "1-0"]
[WhiteElo "2643"]
[BlackElo "2313"]
[Annotator "TA"]
[PlyCount "95"]
[EventDate "2019.11.06"]
[EventType "tourn"]
[EventCountry "ROU"]
[SourceTitle "playchess.com"]
[Source "ChessBase"]
[SourceQuality "1"]

{[%evp 15,131,-4,27,0,34,37,57,0,0,15,31,28,34,24,87,93,85,96,88,62,139,132,125,116,112,27,51,55,64,50,112,116,116,120,211,171,234,232,225,196,289,152,141,145,146,143,199,112,112,112,112,113,124,17,71,8,8,0,8,0,0,0,0,0,0,0,0,0,413,413,272,314,475,392,667,633,592,489,1938,1775,12849,12841,12837,1325,12838,10082,11711,11711,29973,29974,29979,29980,29980,29980,29984,29985,29987,29980,29983,29984,29984,29983,29984,29983,29985,29986,29986,29985,29985,29986,29988,29989,29991,29987,29987,29988,29990,29988]} 1. Nf3 d5 2. e3 Nf6 3. c4 e6 4. b3 ({Predecessor:} 4. Nc3 c5 5. cxd5 Nxd5 6. Nxd5 Qxd5 7. b3 Be7 8. Bb2 {½-½ (9) De Santis,A (2222)-Dittmar,P (2280) Arco 2017}) 4... Be7 5. Bb2 O-O 6. Nc3 c5 7. cxd5 Nxd5 8. Nxd5 Qxd5 9. Qc2 $146 {A13: English Opening: 1...e6} (9. Bc4 $5 {[%cal Rc4d5]} Qh5 10. O-O $14) (9. Bc4 Qd8 10. Qc2 Nc6 11. O-O Bd7 12. d4 cxd4 13. Nxd4 Qa5 14. Rfd1 Rfd8 15. Nf3 Be8 {½-½ (15) Antoniewski,R (2522)-Cvek,R (2537) Slovakia 2015}) 9... Qd8 10. Bd3 h6 11. h4 {White is slightly better.} Nc6 12. a3 Bf6 13. Bxf6 Qxf6 14. Rc1 $36 {[%mdl 2048] White has the initiative.} Rd8 (14... b6 $11) 15. Bh7+ $16 Kh8 {Strongly threatening ...g6.} 16. Be4 Bd7 17. g4 Rac8 (17... e5 $14) 18. g5 Qe7 19. gxh6 $1 gxh6 20. Qxc5 (20. Qb2+ $16 f6 21. h5) 20... Qxc5 21. Rxc5 f5 22. Bc2 Ne5 ({Black should try} 22... e5 $14) 23. Rxe5 (23. Nxe5 Rxc5 24. Nf7+ Kg7 $17) 23... Rxc2 24. Ke2 Bc6 {[#]} (24... Rcc8 $16) 25. Rd1 $1 $18 ({Avoid the trap} 25. Rxe6 $2 Bb5+ 26. Kd1 Rdc8 $19) 25... Bxf3+ (25... Rd6 {was worth a try.} 26. Nd4 Rb2) 26. Kxf3 {[%mdl 4096] Endgame KRR-KRR} Rd6 27. d4 Kg7 (27... Rc3 $142 28. b4 Rxa3) 28. d5 (28. Rg1+ $18 Kf7 29. h5) 28... Kf6 $16 29. Rxe6+ Rxe6 30. dxe6 {KR-KR} Rc3 (30... Kxe6 $16 {keeps fighting.} 31. Rg1 Kf7) 31. Rd6 (31. Rd5 $18) 31... Rxb3 32. e7+ Kxe7 33. Rxh6 Rxa3 34. Kf4 (34. Rh7+ $16 Kf6 35. Rxb7) 34... b5 (34... Ra2 $11 {keeps the balance.}) 35. Kxf5 (35. Ke5 $16) 35... b4 $11 {[%cal Bb5b4,Bb4b3][%mdl 32]} 36. Ke4 Ra2 37. f4 b3 {And now ...Ra4+ would win.} 38. Rh7+ Kd6 $1 {aiming for ...Ra4+.} 39. Rb7 b2 {Threatens to win with ...Kc6.} 40. Kd3 a5 {Hoping for ...a4.} 41. Kc2 a4 $2 {[%mdl 8192]} (41... Ra3 $11 {and Black has nothing to worry.}) 42. Rxb2 $18 Ra3 43. Kd2 Kd5 (43... Ra1 {might work better.} 44. Kc3 a3) 44. h5 Ke4 $2 (44... Ra1 45. Rb4 a3) 45. Rb4+ Kf5 46. h6 Kg6 (46... Ra1 $142 47. Kd3 Kg6 48. Rb6+ Kf5) 47. Rb6+ Kh7 48. f5 {Played: Rb6-a6} 1-0

[Event "SuperChess Cup Rapid 2019"]
[Site "Bucharest"]
[Date "2019.11.06"]
[Round "3.4"]
[White "David, Alexandru-Vasile"]
[Black "Peptan, Corina-Isabela"]
[Result "0-1"]
[WhiteElo "2424"]
[BlackElo "2371"]
[Annotator "TA"]
[PlyCount "94"]
[EventDate "2019.11.06"]
[EventType "tourn"]
[EventCountry "ROU"]
[SourceTitle "playchess.com"]
[Source "ChessBase"]
[SourceQuality "1"]

{[%evp 16,94,23,0,18,0,29,0,66,58,81,71,56,24,35,20,188,184,145,84,91,77,82,51,68,43,54,51,64,69,74,60,84,67,72,61,70,35,58,71,89,83,77,80,152,105,145,130,133,133,127,58,171,170,225,220,222,132,1054,1044,29984,29985,29978,2542,29984,29985,29989,29990,29990,29991,29995,29996,29996,29997,29997,29998,29998,-29993,-29994,-29994,-29995]} 1. d4 Nf6 2. c4 e6 3. Nc3 Bb4 4. a3 Bxc3+ 5. bxc3 d6 6. e3 c5 7. Bd3 Nc6 8. Ne2 e5 9. O-O e4 {E26: Nimzo-Indian: Sämisch: 5...c5 6 e3} (9... O-O 10. Ng3 Nd7 11. f4 Nb6 12. fxe5 dxe5 13. d5 Na5 14. Qh5 g6 15. Qxe5 Naxc4 16. Bxc4 Nxc4 17. Qe4 b5 18. Qd3 {½-½ (101) Flores,D (2579)-Jobava,B (2702) Doha 2016}) 10. Bc2 O-O 11. Ng3 Re8 (11... Bg4 $11 12. Qe1 Re8) 12. f3 $14 exf3 13. Qxf3 Be6 14. Bd3 Na5 15. e4 $146 {Bg5 is the strong threat.} ({Predecessor:} 15. Rb1 Nxc4 16. e4 Nd7 17. Nf5 Qf6 18. Qg3 Qg6 19. Qh4 Nf6 20. Bg5 Kh8 21. Nxg7 Kxg7 22. Rxf6 {1-0 (22) Kots,Y-Kiriatsky Leningrad 1951}) 15... Bxc4 $2 (15... Nb3 $11 {and Black is okay.}) 16. Bg5 {Strongly threatening Nh5.} h6 {[#]} 17. Bxf6 (17. Bxh6 $142 $1 {[%mdl 512]} Bxd3 (17... gxh6 18. Bxc4) 18. Qxd3 gxh6 19. Nf5) 17... Qxf6 $16 18. Qxf6 gxf6 19. Bxc4 Nxc4 20. Rxf6 Re6 21. Rf2 Rf8 22. a4 b6 23. h3 Rd8 24. Kh2 Rd7 25. Rd1 Kf8 26. Rd3 a6 27. Nh5 Rg6 28. Rdf3 Re7 29. Nf6 Rg7 ({Better is} 29... Ra7) 30. g4 Ra7 31. h4 b5 32. axb5 axb5 33. Rg3 ({White should try} 33. Kh3 $1 $16) 33... cxd4 ({Black should play} 33... b4 $14) 34. cxd4 $18 Rg6 {[#]} (34... Ra6 $142 35. Rb3 Ra5) 35. h5 $1 {[%cal Rh5g6]} Rg7 {[#]} 36. Rf5 (36. g5 $1 $18 {[%mdl 512]} hxg5 (36... Rxg5 37. Nh7+) 37. Rb3) 36... Rb7 $2 {[%mdl 8192]} (36... Ke7 $16 37. Rb3 Ra5) 37. g5 b4 38. gxh6 Rxg3 39. Kxg3 {[%mdl 4096] Endgame KRN-KRN} (39. h7 $142 Rg2+ {[%mdl 64] Decoy} 40. Kxg2 Ne3+ 41. Kh3 Ke7 42. h8=Q Nxf5 43. exf5 Rc7 44. h6) 39... Ke7 40. h7 Ne3 41. h8=Q {[%csl Gf6][%cal Rh8e8]} Nxf5+ 42. exf5 b3 43. Kf4 b2 44. h6 b1=Q 45. Qe8+ Kxf6 46. Qe5+ $4 {[%mdl 8192]} (46. Qd8+ Re7 47. Qh8#) 46... dxe5+ 47. dxe5+ Ke7 {Accuracy: White = 62%, Black = 26%.} 0-1

[Event "SuperChess Cup Rapid 2019"]
[Site "Bucharest"]
[Date "2019.11.06"]
[Round "3.5"]
[White "Gavrilescu, David"]
[Black "Deac, Bogdan-Daniel"]
[Result "1/2-1/2"]
[WhiteElo "2451"]
[BlackElo "2613"]
[Annotator "TA"]
[PlyCount "164"]
[EventDate "2019.11.06"]
[EventType "tourn"]
[EventCountry "ROU"]
[SourceTitle "playchess.com"]
[Source "ChessBase"]
[SourceQuality "1"]

{[%evp 9,164,23,23,22,25,29,25,24,38,37,45,46,37,36,36,37,111,102,97,0,0,0,50,0,0,0,7,10,10,5,3,3,39,39,39,39,39,39,34,27,24,26,44,30,40,16,69,63,74,34,41,41,42,49,45,0,204,223,399,17,8,0,0,0,70,64,60,60,60,60,80,23,41,0,12,7,33,0,0,0,0,0,0,0,0,0,0,-8,-8,-8,-8,-8,-8,-8,-8,-8,-8,-8,-8,-8,-8,-8,-8,-8,-8,-8,-8,-8,0,0,0,0,0,-8,-8,-8,-8,-8,-2,-8,-8,-8,-2,-8,0,0,0,-2,-2,-2,0,0,0,-8,-2,-2,0,0,0,0,0,0,0,0,8,-8,-8,-8,-8,-8,0,0,0,0,0,0,-8]} 1. e4 c6 2. d4 d5 3. exd5 cxd5 4. Nf3 Bg4 5. h3 Bxf3 6. Qxf3 {B13: Caro-Kann: Exchange Variation and Panov-Botvinnik Attack} Nc6 7. c3 e6 (7... Nf6 8. Bd3 g6 9. O-O Bg7 10. Bg5 Qb6 11. b4 O-O 12. Nd2 Rad8 13. Rfe1 Rfe8 14. Nb3 Qc7 15. Rac1 h6 16. Bf4 {½-½ (38) Kramnik,V (2792)-Anand,V (2759) Paris 2018}) 8. Bd3 {White has an edge.} Bd6 9. O-O Nge7 $146 ({Predecessor:} 9... Nf6 10. Bg5 O-O 11. Nd2 h6 12. Bh4 Re8 13. Rae1 Rc8 14. Re2 a6 {1-0 (27) Pineda,J (2283)-Da Fonseca,P (2222) ICCF email 2010}) 10. Re1 Ng6 11. Nd2 O-O 12. Qh5 Qf6 (12... Nb8 $14) 13. Nf3 $16 {And now Bg5 would win.} h6 {[#]} 14. Be3 ({White should try} 14. Bg5 $1 $16 {[%cal Rg5f6][%mdl 512]} hxg5 15. Rxe6 $1 {[%mdl 512]} fxe6 16. Bxg6) 14... Nf4 $1 $11 {[%cal Rf4h5]} 15. Bxf4 $1 Qxf4 (15... Bxf4 {with more complications.} 16. h4 g6 17. Qg4 h5 18. Qh3 Rad8) 16. Qg4 (16. g3 {is interesting.} Qf6 17. Re3 Rfe8 18. Rae1 Bf8 19. Nh2) 16... Qxg4 17. hxg4 g5 18. g3 a6 19. a4 Rfe8 20. Re2 f6 21. Bg6 Re7 22. Rae1 Nd8 23. Nd2 b5 24. axb5 axb5 25. Bd3 Rb7 26. Kg2 Kf7 27. Nb3 Rb6 ({Black should play} 27... Rc7 $11) 28. Rh1 Kg7 29. Ree1 Ra2 30. Nc5 Bxc5 31. dxc5 Rb7 32. c6 Rc7 $2 {[#]} (32... Nxc6 $11 33. Rxe6 Ne5) 33. Rxh6 $1 $18 {Strongly threatening Rh7+.} Rxc6 $2 (33... Kxh6 $2 {perishes.} 34. Rh1+ Kg7 35. Rh7+ Kf8 36. Rxc7 $18) (33... Kf8 34. Re2 (34. Rxf6+ Ke7 $16) 34... Ke7 35. Bxb5 Nf7) 34. Reh1 $2 ({White must play} 34. Rh7+ $18 Kg8 35. Re7) 34... Nf7 $1 $11 {[%cal Rf7h6]} 35. Rg6+ Kf8 36. Rh7 e5 (36... Ne5 $11 37. Rxf6+ Kg8) 37. Rgg7 Rc7 38. Bf5 {Be6 is the strong threat.} Ra6 $1 39. Kf1 Re7 40. Bg6 (40. Ke1 $16) 40... Raa7 41. Ke2 (41. Bh5 {is more complex.} Nd6 42. Rxe7 Rxe7 43. Rh8+ Kg7 44. Rd8) 41... Nd6 (41... b4 {feels hotter.} 42. cxb4 Nd6 43. Rxe7 Rxe7 44. Rh8+ Kg7) 42. Rxe7 Rxe7 43. Rxe7 (43. Rh8+ {looks sharper.} Kg7 44. Rd8 Nc4 45. Bf5 d4 46. b3) 43... Kxe7 {[%mdl 4096] Endgame KB-KN. The position is equal.} 44. b3 Kd7 45. Ke3 Kc6 46. Bd3 Kc5 {next ...b4 is good for Black.} 47. b4+ Kc6 48. f4 Nc4+ 49. Ke2 $1 gxf4 50. gxf4 exf4 51. Bg6 Ne5 52. Be8+ Kb6 53. Bh5 Ka6 54. Kd2 Kb7 55. Ke2 Kb6 56. Kd2 Kc7 57. Ke2 Kd7 58. Kf2 Kd6 59. Be8 Nxg4+ 60. Kf3 Ne3 61. Kxf4 Nd1 62. Bxb5 Nxc3 63. Bd3 Na4 64. Kf5 Ke7 65. b5 Nc5 66. Bf1 Ne4 {Threatens to win with ...Ng3+.} 67. b6 Nd6+ 68. Kf4 Kd7 69. Bg2 d4 70. Bd5 Kc8 71. Bc6 Kb8 72. Bd5 Kc8 73. Kf3 Kd7 74. Kf4 f5 75. b7 Kc7 76. Ke5 d3 77. Kd4 d2 78. Bf3 Ne4 79. Kd3 Kxb7 80. Bxe4+ fxe4+ 81. Kxd2 Kc6 82. Ke3 Kd5 {Accuracy: White = 67%, Black = 52%.} 1/2-1/2

[Event "SuperChess Cup Rapid 2019"]
[Site "Bucharest"]
[Date "2019.11.07"]
[Round "4.1"]
[White "Istratescu, Andrei"]
[Black "Deac, Bogdan-Daniel"]
[Result "1/2-1/2"]
[WhiteElo "2564"]
[BlackElo "2613"]
[Annotator "TA"]
[PlyCount "98"]
[EventDate "2019.11.06"]
[EventType "tourn"]
[EventCountry "ROU"]
[SourceTitle "playchess.com"]
[Source "ChessBase"]
[SourceQuality "1"]

{[%evp 14,98,-12,-14,18,9,33,0,6,6,6,7,7,7,4,0,7,4,0,16,2,3,16,0,0,0,12,0,0,0,0,-8,-15,-9,0,-7,0,-2,0,0,0,0,0,0,0,0,0,0,0,0,0,0,0,0,0,0,0,-10,-11,-10,-12,-12,-12,-13,-7,-10,-11,-14,-14,-29,-29,-29,-29,-29,-29,-29,-29,-29,-29,-29,-29,-29,-29,-29,-29,-29,-29]} 1. d4 Nf6 2. c4 g6 3. Nc3 d5 4. Bf4 Bg7 5. e3 c5 6. dxc5 Qa5 7. Qa4+ Qxa4 8. Nxa4 Be6 {D82: Grünfeld: 4 Bf4} (8... Bd7 $5 {[%cal Rd7a4]} 9. Nc3 Ne4 10. Nxd5 Na6 $11) (8... Bd7 9. Nc3 Ne4 10. Nxd5 Na6 11. f3 Nexc5 12. O-O-O e6 13. Nc3 Bxc3 14. bxc3 f6 15. e4 e5 16. Be3 Rc8 {½-½ (34) Akobian,V (2647)-So,W (2786) Saint Louis 2018}) 9. Nf3 dxc4 10. Rc1 Bd7 {The position is equal.} 11. Nc3 $146 ({Predecessor:} 11. Rxc4 Nd5 12. Be5 f6 13. e4 b5 14. cxb6 Nxb6 15. Nxb6 axb6 16. Bxb8 Rxb8 {1-0 (61) Bakalarz,M (2320)-Neubauer,M (2434) Plovdiv 2003}) 11... Na6 12. Bxc4 {White wants to play Ne5.} Nxc5 13. O-O O-O 14. Be5 Rac8 15. Rfd1 Rfd8 16. Bd4 b6 17. Ng5 e6 18. b3 h6 19. Nf3 Be8 20. Kf1 Nfe4 21. Nxe4 Nxe4 22. Ba6 Rxc1 23. Rxc1 Bxd4 24. Nxd4 Nc5 25. Be2 e5 26. Nf3 f6 27. b4 Ne6 28. Bc4 Kf7 29. Bb3 Ke7 30. Ke1 g5 31. Nd2 h5 32. Ne4 h4 33. f3 f5 34. Nc3 Nc7 35. e4 f4 36. Nd5+ Nxd5 37. Bxd5 $11 {[%mdl 4096] Endgame KRB-KRB} Kd6 38. Rd1 Kc7 39. Rc1+ Kb8 40. Kf2 Bd7 41. h3 Bb5 {Black has an edge.} 42. Ke1 Rc8 43. Rxc8+ Kxc8 {KB-KB} 44. a3 Kc7 45. Bf7 a5 46. Kf2 Kd6 47. Ke1 Bd3 48. Kf2 Ke7 49. Bd5 Kd7 {Accuracy: White = 65%, Black = 78%.} 1/2-1/2

[Event "SuperChess Cup Rapid 2019"]
[Site "Bucharest"]
[Date "2019.11.07"]
[Round "4.2"]
[White "Peptan, Corina-Isabela"]
[Black "Gavrilescu, David"]
[Result "0-1"]
[WhiteElo "2371"]
[BlackElo "2451"]
[Annotator "TA"]
[PlyCount "72"]
[EventDate "2019.11.06"]
[EventType "tourn"]
[EventCountry "ROU"]
[SourceTitle "playchess.com"]
[Source "ChessBase"]
[SourceQuality "1"]

{[%evp 12,72,6,6,0,18,20,-25,-39,-22,-32,-52,-66,-66,-63,-65,-65,-56,-85,-77,-59,-135,-133,-170,-172,-190,-176,-128,-112,-118,-117,-138,-107,-112,-117,-286,-289,-429,-422,-422,-426,-427,-422,-429,-25,-17,-10,-255,-236,-431,-424,-424,-424,-420,-410,-410,-369,-443,-408,-12838,-12839,-12837,-6460]} 1. d4 d5 2. Nf3 Nf6 3. c4 e6 4. Nc3 Bb4 5. Qa4+ Nc6 6. Bd2 O-O 7. e3 dxc4 {D38: Queen's Gambit Declined: Ragozin Defence (4 Nf3 Bb4)} 8. Bxc4 Bd6 9. e4 e5 {Black has an edge.} 10. dxe5 Nxe5 11. Nxe5 Bxe5 12. O-O-O c6 {Strongly threatening ...b5.} (12... Qe8 13. Qxe8 Rxe8 14. f3 Be6 15. Bxe6 Rxe6 {½-½ (67) Navara,D (2727)-Harikrishna,P (2732) Prague 2018}) 13. Be2 $146 ({Predecessor:} 13. Qc2 Qd4 14. Ne2 Qxf2 15. Rhf1 Qxg2 {0-1 (33) Gagunashvili,M (2599)-Kayumov,D (2463) Dubai 2011}) 13... Qe7 $36 {[%mdl 2048] Black has the initiative.} 14. f3 b5 15. Qc2 a5 {[%cal Ba7a5,Ba5a4,Ba4a3][%mdl 32]} 16. Be3 ({Better is} 16. Rhe1 $15) 16... Be6 $17 17. Bd4 {[#]} Bxd4 $1 18. Rxd4 {[#]} a4 $1 19. Rhd1 a3 20. b3 c5 21. R4d2 c4 22. bxc4 bxc4 23. e5 $2 (23. Kb1 $17) 23... Nd7 $19 24. f4 (24. Kb1 $142) 24... Nc5 {Threatens to win with ...Rfb8.} 25. Nd5 Bxd5 26. Rxd5 Rab8 27. Qxc4 Qb7 $2 ({Black should play} 27... Ne6 $19 28. Kd2 Rb4) 28. Kd2 $11 Na4 {aiming for ...Nb6.} 29. Ke1 $2 (29. Qd4 $1 $11) 29... Nb6 30. Qd4 $2 (30. Rb5 Nxc4 {[%mdl 64] Discovered Attack} 31. Rxb7 Rxb7 32. Bxc4) 30... Nxd5 $19 31. Qxd5 Qb4+ 32. Qd2 Qxd2+ 33. Rxd2 Rb2 34. Bc4 Rfb8 35. Bd5 (35. e6 $142 Kf8 36. Re2) 35... Rxd2 36. Kxd2 Rd8 {Accuracy: White = 37%, Black = 82%.} 0-1

[Event "SuperChess Cup Rapid 2019"]
[Site "Bucharest"]
[Date "2019.11.07"]
[Round "4.3"]
[White "Cosma, Elena-Luminita"]
[Black "David, Alexandru-Vasile"]
[Result "0-1"]
[WhiteElo "2313"]
[BlackElo "2424"]
[Annotator "TA"]
[PlyCount "64"]
[EventDate "2019.11.06"]
[EventType "tourn"]
[EventCountry "ROU"]
[SourceTitle "playchess.com"]
[Source "ChessBase"]
[SourceQuality "1"]

{[%evp 14,64,30,29,29,18,33,0,11,-13,21,-8,-8,-49,-49,-20,22,6,30,-37,0,-44,0,0,0,0,33,34,23,23,52,53,46,79,116,0,0,0,111,-31,-27,-29987,-29988,-29989,-722,-29990,-29991,-29995,-29996,-29996,-29997,-29998,-29999]} 1. d4 d5 2. c4 e6 3. Nf3 Nf6 4. g3 dxc4 5. Bg2 Bd7 6. Ne5 Bc6 7. Nxc6 Nxc6 8. O-O Qd7 {E04: Open Catalan: 5 Nf3} 9. e3 O-O-O 10. Qe2 h5 {The position is equal.} 11. Qxc4 Nd5 12. Nc3 h4 13. Ne4 $146 ({Predecessor:} 13. Rd1 hxg3 14. hxg3 f5 15. Qe2 Bb4 16. Bd2 {0-1 (45) Van Wely,L (2632)-Zhang,Z (2619) Berlin 2015}) 13... f5 14. Ng5 Rh5 15. e4 fxe4 (15... Nb6 $5 {[%cal Rb6c4]} 16. Qe2 (16. Qxe6 Nxd4 17. Qxd7+ Rxd7 $11) 16... g6 $11) 16. Nxe4 (16. g4 $11 h3 17. gxh5 hxg2 18. Re1 (18. Kxg2 Nxd4 19. Nxe4 Be7 $11)) 16... hxg3 17. hxg3 Bd6 18. Bg5 Rdh8 19. Rae1 Qf7 {Black wants to play ...Bb4.} 20. Nxd6+ cxd6 21. f4 $1 Rh2 22. Bh4 Rxg2+ 23. Kxg2 Qf5 {[#]} 24. Rf2 (24. Qe2 $1 $16) 24... Qg4 $11 25. Kf1 Kb8 {[#]} (25... Rxh4 $11 26. gxh4 Qh3+ 27. Kg1 Qg3+ {[%mdl 64] Double Attack} 28. Kf1 Qh3+ 29. Kg1 Qg3+ {[%mdl 64] Double Attack} 30. Kf1 Nxf4) 26. Ree2 {[#]} (26. Qe2 $1 $16 {[%cal Re2g4]} Qh3+ 27. Kg1) 26... g5 $1 $36 {[%mdl 2624] Deflection. Black is pushing.} 27. Bxg5 $2 {[%mdl 8192]} (27. fxg5 $11 Nxd4 28. Qd3 Nxe2 29. Qxe2) 27... Qxg3 {[%cal Rh8h1]} 28. Ke1 Rh1+ 29. Kd2 Qg1 {[%csl Gh1][%cal Rg1d1] Black mates.} 30. Qa4 Qc1+ {[%mdl 64] Double Attack} 31. Kd3 Rh3+ 32. Ke4 {[#]} Re3+ {Played: Qc1-e3} 0-1

[Event "SuperChess Cup Rapid 2019"]
[Site "Bucharest"]
[Date "2019.11.07"]
[Round "4.4"]
[White "Parligras, Mircea-Emilian"]
[Black "Lupulescu, Constantin"]
[Result "1/2-1/2"]
[WhiteElo "2629"]
[BlackElo "2643"]
[Annotator "TA"]
[PlyCount "46"]
[EventDate "2019.11.06"]
[EventType "tourn"]
[EventCountry "ROU"]
[SourceTitle "playchess.com"]
[Source "ChessBase"]
[SourceQuality "1"]

{[%evp 19,46,0,7,18,3,-5,-5,-5,-10,-5,-5,-7,-5,-8,0,-5,-4,-7,-4,-16,0,0,0,-8,0,0,0,0,0]} 1. d4 Nf6 2. c4 e6 3. Nf3 d5 4. Nc3 Bb4 5. Bg5 h6 6. Bxf6 Qxf6 7. Qb3 c5 8. cxd5 exd5 9. a3 Bxc3+ 10. Qxc3 Nd7 {The position is equal.} 11. e3 {D38: Queen's Gambit Declined: Ragozin Defence (4 Nf3 Bb4)} O-O 12. dxc5 Qxc3+ 13. bxc3 Nxc5 14. Nd4 Bd7 15. c4 dxc4 16. Bxc4 {[#]} Rfc8 $146 ({Predecessor:} 16... Rac8 17. Ke2 Rc7 18. Rhc1 {½-½ (30) Pelletier,Y (2544)-Ragger,M (2668) Switzerland 2018}) 17. Ke2 Rc7 18. Rhc1 Rac8 {[#] And now ...Na4 would win.} 19. Bd5 (19. Bb5 {seems wilder.} Nb3 20. Nxb3 Bxb5+ 21. Kd2 Rxc1 22. Rxc1 Rxc1 23. Nxc1 Kf8 24. Nb3) 19... Ne6 20. Rxc7 Rxc7 21. Nxe6 Bxe6 22. Bxe6 fxe6 23. Rb1 b6 {Accuracy: White = 38%, Black = 68%.} 1/2-1/2